000 00518nam a2200181Ia 4500
005 20250326130612.0
008 250326s9999 xx 000 0 und d
037 _aTextbook
040 _aFMSL
_beng
_cFMSL
041 _aeng
_2eng
084 _aX:87.44 Q1
_qFMSL
100 _aChatterjee B
245 0 _aLeadership india leadership change, changing lives
_cChatterjee B; Mitra S
250 _a2
260 _aN
_bN, D Tata Mc Graw Hill
_c2011
942 _cTB
_hX:87.44 Q1
999 _c1283270
_d1283270